000
00304nam a2200133Ia 4500
008
231129s1979||||xx |||||||||||||| ||spa||
040
_b
spa
082
_a
370.19 D947e
100
_a
Durkheim Emilio
245
0
_a
Educación y sociología
260
_c
1979
264
_a
Linotipo
942
_2
ddc
_c
BKS
999
_c
10018
_d
10018